00691 a2200145 4500020001800000082002100018100002100039245002800060250001700088260002900105300001500134504001800149520034000167650003800507 a9781137607348 a330.015195bECO- aGujarati,Damodar aEconometrics by example a2nd Edition  bPalgravec2015aGujarat  axxix, 465p aInclude Index aThe second edition of this bestselling textbook retains its unique learning-by-doing approach to the study of econometrics. Rather than relying on complex theoretical discussions and complicated mathematics, this book explains econometrics from a practical point of view by walking the student through real-life examples, step by step. aEconometricsvRegression analysis